000 01621nab a22002297i 4500
001 768714001
003 CO-MdFUSB
005 20240514103120.0
008 240511t1970 sp ||||| |||| 00| 0 spa d
040 _bspa
_cCO-MdFUSB
_dCO-MdFUSB
041 _aspa
100 _aKremer, Jacob,
_eautor
245 3 _aLa resurrección de Jesús, fundamento y modelo de nuestra resurrección, según San Pablo
_c/ Jacob Kremer
520 _a¿Se da una resurrección individual? Quien busque en los escritos del Nuevo Testamento una respuesta a esta pregunta, a la que no siempre contestan los cristianos afirmativamente, habrá de dirigir su atención, sobre todo, a las cartas del apóstol Pablo; el Apóstol de las Gentes es, en efecto, el que más de lleno ha entrado en el problema de la muerte y la resurrección. El motivo de sus afirmaciones sobre estos temas se lo dieron preguntas y opiniones suscitadas por su predicación. Las afirmaciones de Pablo son, por ello, esencialmente tomas de posición y respuestas. Solamente podremos entenderlas y valorarlas rectamente si tenemos en cuenta el conjunto de la predicación del Apóstol y la situación de las comunidades destinatarias, con su mundo representativo y conceptual
630 0 7 _aBiblia.
_pNuevo Testamento
650 0 _aInmortalidad (Filosofía)
_91095
650 7 _aCristología
_9239
650 7 _aResurrección
_9214
773 0 _049450
_982623
_oR2549
_tRevista internacional de teología Concilium
_w(CO-MdFUSB)8
_x0210-1041
_gNúmero 60, (diciembre, 1970), páginas: 76 - 87
_qpágina: 76
942 _cANA
945 _aCatherine Arias Alvarez - Practicante SENA
999 _c69699
_d69699